000 00286nam a2200109Ia 4500
008 200302s9999 xx 000 0 und d
100 _akarl Kaspar
245 _aShops and Showrooms an Internationl Survey
260 _bFrederick A. Praeger Publisher
260 _c1967
300 _a167 P.,
999 _c2305
_d2305